000 00375cam a2200133Mi 4500
999 _c3829
_d3829
020 _a0075536552
050 _aB2908
_b.F7
100 1 _aHegel, Georg Wilhelm Friedrich,
245 1 4 _aThe philosophy of Hegel :
_bedited, with an introduction by Carl J. Friedrich.
260 _aUSA
_bRandom House Inc.
_c1954
300 _a552 pages.
700 1 _aFriedrich, Carl J.
942 _cBK